000 00733nam a2200289Ia 4500
005 20260324133825.0
008 008 260324s9999 xx 000 0 eng d
020 _a9781315029542
037 _aEBOOK
040 _aCRL
040 _beng
040 _cCRL
041 _2eng
041 _aeng
084 _qCRL
100 _aRoland Felber; A.M. Grigoriev; Mechthild Leutner; M.L. Titarenko
_91194536
245 4 _aThe Chinese Revolution in the 1920s
245 0 _bBetween Triumph and Disaster
260 _bTaylor and Francis
260 _c2002
365 _a
365 _b315
856 _uhttp://www.taylorfrancis.com/books/9781315029542
942 _cEBOOK
999 _c1793971
_d1793971